000 01658nam a22004217a 4500
003 CHAP
005 20220329135522.0
008 971013c19761977 r 00010 d
010 _a37952
011 _a38924
035 _a43044
040 _cCHAP
082 _a632.03
_bM5
100 0 0 _aMiller, Paul R.
_975797
245 _aMultilingual compendium of plant diseases
260 _aSt. Paul, Minn. :
_bAmerican Phytopatological Society,
_c1976-1977
300 _a2 v.
_b; láms
505 _aContenido: v.1 Fungi and bacteria.- v.2 Viruses and nematodes
590 _aBATCH-UPD
_b10
_c20130110
_lUCH01
_h0155
590 _aBATCH-UPD
_b10
_c20130110
_lUCH01
_h0930
590 _aBATCH-UPD
_b10
_c20130409
_lUCH01
_h2158
590 _aBATCH-UPD
_b10
_c20130914
_lUCH01
_h1414
590 _aCONVERSION
_b10
_c20130109
_lUCH01
_h1321
650 1 4 _aFitopatología
_xDiccionarios.
_941166
650 1 4 _aFitopatología
_xTerminología.
_941177
650 1 4 _aPlantas
_xEnfermedades por bacterias.
_988829
650 1 4 _aPlantas
_xEnfermedades por hongos.
_988830
650 1 4 _aPlantas
_xEnfermedades por nemátodos.
_988833
650 1 4 _aPlantas
_xEnfermedades por virus.
_988834
700 0 _aPollard, Hazel L.
_990261
901 _aBK
942 _cLIBRO
949 _a632.03 M5
_bBC
_cC
_d33724000421574
_eC
_fv.2 c.2
_h48243
_i43044
_si
_t2.15
949 _a632.03 M5
_bBC
_cC
_d33724000421582
_eC
_fv.2 c.3
_h69380
_i43044
_si
_t2.01
949 _a632.03 M5
_bBC
_cC
_d33724000421731
_eC
_fv.1
_h40461
_i43044
_si
_t2.15
949 _a632.03 M5
_bBC
_cC
_d33724000421749
_eC
_fv.1 c.2
_h48242
_i43044
_mD
_si
_t1.54
949 _a632.03 M5
_bBC
_cC
_d33724000421756
_eC
_fv.2
_h47737
_i43044
_si
_t1.54
999 _c37952
_d37952